Kompletní průvodce CSC : Kaskádové styly

Salvato in:
Dettagli Bibliografici
Autore principale: Staníček, Petr (Autore)
Natura: Libro
Lingua:ceco
Pubblicazione: Praha : Computer Press, 2003
Edizione:1. vyd.
Soggetti:
Tags: Aggiungi Tag
Nessun Tag, puoi essere il primo ad aggiungerne!!

MARC

LEADER 00000nam a22000003a 4500
001 stu82069
005 20150617225638.4
008 031007s2003----xr------------------cze-d
020 |a 80-7226-872-4 
040 |a STU  |b slo 
041 0 |a cze 
044 |a xr 
080 |a 004.738.12  |7 stu_us_auth*stu796 
100 1 |a Staníček, Petr  |4 aut 
245 1 |a Kompletní průvodce CSC :  |b Kaskádové styly 
250 |a 1. vyd. 
260 |a Praha :  |b Computer Press,  |c 2003 
300 |a 178 s 
650 7 |a WWW  |2 stusub 
650 7 |a CSS  |2 stusub 
996 |b 284M057962  |c M*11184-1  |l MMKN  |s A  |a 24  |w stu82069_0001